000 00502nam a22001697a 4500
999 _c40896
_d40896
003 OSt
005 20200814120700.0
008 200814b ||||| |||| 00| 0 eng d
020 _a8183183069
040 _coclc
082 _a547.7
_bCHA/O
100 _aChatwal, Gurdeep R
245 _aOrganic Chemistry Of Natural Products /
_cGurdeep R Chatwal
250 _a4th Ed.
260 _aMumbai:
_bHimalaya Publishing House,
_c2005.
942 _cBK
_2ddc
_h547.7
_iCHA/O
_k547.7
_mCHA/O